Vista normal
Vista MARC
Entrada Materia (personas)
Número de registros utilizados en: 2
001 - CONTROL NUMBER
- control field: 52939
003 - CONTROL NUMBER IDENTIFIER
- control field: Co-BoUCM
005 - DATE AND TIME OF LATEST TRANSACTION
- control field: 20131213102301.0
008 - FIXED-LENGTH DATA ELEMENTS
- fixed length control field: 131213|| aca||aabn | a|a d
040 ## - CATALOGING SOURCE
- Original cataloging agency: Co-BoUCM
- Transcribing agency: Co-BoUCM
100 ## - HEADING--PERSONAL NAME
- Personal name: Santiago Guervós, Luis Enrique de
670 ## - SOURCE DATA FOUND
- Source citation: Work cat.: (Co-BoUCM)182771: Wagner, Cosima 1837-1930 52935, Cartas a Friedrich Nietzsche, 2013